书目信息 |
| 题名: |
化学化工物性数据手册 无机卷
|
|
| 作者: | 刘光启 主编 ;刘杰 主编 | |
| 分册: | ||
| 出版信息: | 北京 化学工业出版社工业装备与信息工程出版中心 2005.01 |
|
| 页数: | 587页 | |
| 开本: | 27cm | |
| 丛书名: | ||
| 单 册: | ||
| 中图分类: | O6-62 | |
| 科图分类: | ||
| 主题词: | 化学物质--hua xue wu zhi--物理性质--数据--手册 , 化学工业--hua xue gong ye--物料--物理性质--数据--手册 | |
| 电子资源: | ||
| ISBN: | 7-5025-3591-8 | |
| 000 | 01165nam0 2200337 450 | |
| 001 | CAL 012002159658 | |
| 005 | 20050620164507.42 | |
| 010 | @a7-5025-3591-8@b精装 ;@dCNY 95.00 | |
| 010 | @a7-5025-3760-0@b精装 ; 有机卷@dCNY95.00 | |
| 099 | @aCAL 012002159658 | |
| 100 | @a20020617d2005 em y0chiy0120 ea | |
| 101 | 0 | @achi |
| 102 | @aCN@b110000 | |
| 105 | @aak ao 000yy | |
| 200 | 1 | @a化学化工物性数据手册 无机卷@Ahua xue hua gong wu xing shu ju shou ce wu ji juan@f刘光启等主编@Fliu guang qi deng zhu bian |
| 210 | @a北京@c化学工业出版社工业装备与信息工程出版中心@d2005.01 | |
| 215 | @a587页@c图@d27cm | |
| 304 | @a青岛化工学院 全国图算学培训中心组织编写 | |
| 320 | @a有书目 | |
| 327 | 1 | @a[1], 无机卷 ;@a[2], 有机卷. |
| 330 | @a本手册用数据表达了12000余种物料的物性 | |
| 606 | 0 | @a化学物质@Ahua xue wu zhi@x物理性质@x数据@j手册 |
| 606 | 0 | @a化学工业@Ahua xue gong ye@x物料@x物理性质@x数据@j手册 |
| 690 | @aO6-62@v4 | |
| 701 | 0 | @a刘光启@Aliu guang qi@4主编 |
| 702 | 0 | @a刘杰@Aliu jie@4主编 |
| 801 | 2 | @aCN@bDUTL@c20050620 |
| 801 | 0 | @aCN@bCEPC@c20020617 |
| 905 | @a10447@dO6-62@eL610 | |
| 906 | @dCNY80.00@n0@r1 | |
| 998 | @aDUTL | |
| 化学化工物性数据手册 无机卷/刘光启等主编.-北京:化学工业出版社工业装备与信息工程出版中心,2005.01 |
| 587页:图;27cm |
| 部分内容:[1], 无机卷 ;;[2], 有机卷. |
| ISBN 7-5025-3591-8(精装 ;):CNY 95.00 |
| 本手册用数据表达了12000余种物料的物性 |
| ● |
| 相关链接 |
|
|
|
正题名:化学化工物性数据手册 无机卷
索取号:O6-62/L610
 
预约/预借
| 序号 | 登录号 | 条形码 | 馆藏地/架位号 | 状态 | 备注 |
| 1 | 535310 | 205353106 | 自科库401/401自科库 61排6列2层/ [索取号:O6-62/L610] | 在馆 | |
| 2 | 535311 | 205353115 | 自科二线504/504自科库 42排2列6层/ [索取号:O6-62/L610] | 在馆 |